Mary Linton's goodbye letter to Arthur - Statistics

General Stats
  • This quiz has been taken 49 times
  • The average score is 187 of 241
Answer Stats
Answer % Correct
a
100%
and
100%
And
100%
dear
100%
I
100%
it.
100%
it
100%
it,
100%
My
100%
my
100%
the
100%
you
100%
you,
100%
you.
100%
after
91%
Arthur,
91%
at
91%
but
91%
dream
91%
I'm
91%
let
91%
looking
91%
never
91%
newspaper
91%
of
91%
showed
91%
silliest
91%
so
91%
softest
91%
starting
91%
that,
91%
that
91%
understand
91%
up,
91%
up
91%
why.
91%
will
91%
your
91%
ago,
82%
always
82%
any
82%
can
82%
cannot
82%
don't
82%
dreams.
82%
from
82%
go
82%
imagine
82%
is
82%
just
82%
letter
82%
like
82%
live
82%
long
82%
miss
82%
must
82%
nonetheless
82%
not
82%
now,
82%
now.
82%
oh
82%
one
82%
other
82%
receive
82%
see
82%
seems,
82%
send
82%
sorry,
82%
this
82%
this,
82%
to
82%
was
82%
way.
82%
we
82%
When
82%
when
82%
who
82%
with
82%
world
82%
again.
73%
again,
73%
apart,
73%
are
73%
for
73%
For
73%
good
73%
he
73%
in
73%
makes
73%
man
73%
me
73%
sense,
73%
clearly
64%
escape.
64%
gave
64%
ring
64%
There
64%
time
64%
which
64%
be
55%
everything,
55%
everything
55%
forgive
55%
giant.
55%
giant
55%
have
55%
hope
55%
love
55%
Mary
55%
myself,
55%
too
55%
wrestling
55%
yours.
55%
because
45%
by
45%
care
45%
day,
45%
far
45%
find
45%
Goodbye,
45%
much
45%
reminds
45%
were
45%
wins,
45%
within
45%
young,
45%
both
36%
broken
36%
business
36%
enclose
36%
heart,
36%
many
36%
some
36%
years
36%
years,
36%
You've
36%
all
27%
free.
27%
kept
27%
thinking
27%
fear
18%
finally
18%
has
18%
people
18%
returning
18%
these
18%
use
18%
No matching quizzes found
Score Distribution
Percent of People with Each Score
Percentile by Number Answered
Your Score History
You have not taken this quiz